| 000 | 00387nam a22001577a 4500 | ||
|---|---|---|---|
| 999 |
_c11843 _d11843 |
||
| 008 | 210112b ||||| |||| 00| 0 eng d | ||
| 082 | 0 | 0 |
_a517.3 _bN2183 |
| 100 |
_93786 _aNarayan, Shanti |
||
| 245 | 1 | 0 |
_aIntegral calculus _cBy Shanti Narayan |
| 250 | _a8th ed. | ||
| 260 |
_aBombay _bS.Chand _c1942 |
||
| 300 | _aviii,320 p. | ||
| 365 | _d5.00 | ||
| 650 | 0 | _aMathematics | |
| 942 | _cBK | ||